<?xml version="1.0" encoding="UTF-8"?>
<record
    xmlns:xsi="http://www.w3.org/2001/XMLSchema-instance"
    xsi:schemaLocation="http://www.loc.gov/MARC21/slim http://www.loc.gov/standards/marcxml/schema/MARC21slim.xsd"
    xmlns="http://www.loc.gov/MARC21/slim">

  <leader>01576nam a22002297a 4500</leader>
  <controlfield tag="005">20230922164640.0</controlfield>
  <controlfield tag="008">211028b           ||||| |||| 00| 0 eng d</controlfield>
  <datafield tag="020" ind1=" " ind2=" ">
    <subfield code="a">9788195131792</subfield>
  </datafield>
  <datafield tag="040" ind1=" " ind2=" ">
    <subfield code="c">Al</subfield>
  </datafield>
  <datafield tag="041" ind1=" " ind2=" ">
    <subfield code="a">Eng</subfield>
  </datafield>
  <datafield tag="082" ind1=" " ind2=" ">
    <subfield code="2">23</subfield>
    <subfield code="a">820.33</subfield>
    <subfield code="b">MISK</subfield>
  </datafield>
  <datafield tag="100" ind1=" " ind2=" ">
    <subfield code="a">Kevin Missal</subfield>
    <subfield code="9">134819</subfield>
  </datafield>
  <datafield tag="245" ind1=" " ind2=" ">
    <subfield code="a">Karna: the king of Anga</subfield>
  </datafield>
  <datafield tag="260" ind1=" " ind2=" ">
    <subfield code="a">New Delhi</subfield>
    <subfield code="b">Simon &amp;Schuster</subfield>
    <subfield code="c">2021</subfield>
  </datafield>
  <datafield tag="300" ind1=" " ind2=" ">
    <subfield code="a">523p.</subfield>
    <subfield code="b">PB</subfield>
    <subfield code="c">20x13cm.</subfield>
  </datafield>
  <datafield tag="365" ind1=" " ind2=" ">
    <subfield code="a">BLCR-000062</subfield>
    <subfield code="b">&#x20B9;280.00</subfield>
    <subfield code="c">&#x20B9;</subfield>
    <subfield code="d">&#x20B9;350.00</subfield>
    <subfield code="e">20%</subfield>
    <subfield code="f">04-10-2021</subfield>
  </datafield>
  <datafield tag="521" ind1=" " ind2=" ">
    <subfield code="a">Iron Age of India&#x2026; around 900 B.C.E.
Born in the arms of the Ganga, Vasu grew up in the raging province of Anga. His life shaped by a fate that failed to be just&#x2014;neglected by his own, stripped of his birthright&#x2014;he was raised to be lost in an abyss of desires and disappointment.
Cursed by his guru, hurt by the only woman he loved, ostracised from society for being the son of a suta. With his only armour&#x2014;hope&#x2014;he ventured on an unforgettable journey. Alone.
This is Vasu&#x2019;s tale of survival, of endurance, of abiding courage in the face of all adversities. And eventually, of blossoming into the greatest warrior of all time&#x2026; KARNA.
In an ultimate battle against his archenemy&#x2014;the insidious, dishonourable and all-powerful, Jarasandha, for a title he knew he deserved.
From a sutaputr to a leader of the people, this is a saga of betrayal, lost love, and glory.
This is the story of the King of Anga.</subfield>
  </datafield>
  <datafield tag="650" ind1=" " ind2=" ">
    <subfield code="a">Fiction</subfield>
    <subfield code="9">5501</subfield>
  </datafield>
  <datafield tag="650" ind1=" " ind2=" ">
    <subfield code="a">During the iron age of India around 900 B.C.E.</subfield>
    <subfield code="9">134818</subfield>
  </datafield>
  <datafield tag="700" ind1=" " ind2=" ">
    <subfield code="a">MISSAL (Kevin)</subfield>
    <subfield code="9">5502</subfield>
  </datafield>
  <datafield tag="942" ind1=" " ind2=" ">
    <subfield code="2">ddc</subfield>
    <subfield code="c">BK</subfield>
  </datafield>
  <datafield tag="999" ind1=" " ind2=" ">
    <subfield code="c">217925</subfield>
    <subfield code="d">217925</subfield>
  </datafield>
  <datafield tag="952" ind1=" " ind2=" ">
    <subfield code="0">0</subfield>
    <subfield code="1">0</subfield>
    <subfield code="2">ddc</subfield>
    <subfield code="4">0</subfield>
    <subfield code="7">0</subfield>
    <subfield code="8">ENG</subfield>
    <subfield code="a">AL</subfield>
    <subfield code="b">AL</subfield>
    <subfield code="d">2021-10-12</subfield>
    <subfield code="e">NavaKarnataka Publications Pvt.Ltd.</subfield>
    <subfield code="g">280.00</subfield>
    <subfield code="l">5</subfield>
    <subfield code="m">1</subfield>
    <subfield code="o">820.33 MISK</subfield>
    <subfield code="p">075017</subfield>
    <subfield code="r">2024-09-09 00:00:00</subfield>
    <subfield code="s">2024-08-29</subfield>
    <subfield code="v">350.00</subfield>
    <subfield code="w">2021-10-28</subfield>
    <subfield code="y">BK</subfield>
  </datafield>
</record>
